El estado de flijo de efectivo en moneda homogénea (Registro nro. 12445)

Detalles MARC
000 -LEADER
fixed length control field 00320 a2200109 4500
001 - CONTROL NUMBER
control field ART_48483
005 - DATE AND TIME OF LATEST TRANSACTION
control field 20260410161631.0
008 - FIXED-LENGTH DATA ELEMENTS--GENERAL INFORMATION
fixed length control field 260409a
100 1# - MAIN ENTRY--PERSONAL NAME
Personal name Torres, Carlos Federico
245 10 - TITLE STATEMENT
Title El estado de flijo de efectivo en moneda homogénea
773 0# - HOST ITEM ENTRY
Title Enfoques
Related parts - N°2 (feb. 2019)
Record control number REV416

No hay ítems disponibles.